| 000 | 00831nac a22002171u 4500 | ||
|---|---|---|---|
| 010 | _a90041313 | ||
| 020 | _a8120325109 | ||
| 082 | 0 | 0 |
_a621.3848 _bN275 |
| 090 |
_c1009 _d1009 |
||
| 100 | _aNathanson, Fred E. | ||
| 245 | 1 | 0 |
_aRadar design principles : _bsignal processing and the environment / _cFred E. Nathanson, with J. Patrick Reilly, Marvin N. Cohen. |
| 250 | _a2nd ed. | ||
| 260 |
_aNew Delhi : _bPrentice-Hall of India, _c2004. |
||
| 300 |
_axiii, 720 p. : _bill. ; _c24 cm. |
||
| 504 | _aIncludes bibliographical references (p. 681-713) and index. | ||
| 650 | 0 | _aRadar. | |
| 700 | 1 | _aReilly, J. Patrick. | |
| 700 | 1 |
_aCohen, Marvin, _d1949- |
|
| 942 |
_cBB _k621.3848N275 |
||
| 999 |
_c1009 _d1009 |
||